Investigación para cambiar: un enfoque sobre investigación-acción participante

Збережено в:
Бібліографічні деталі
Автор: Murcia Florián, Jorge (autor)
Формат: Книга
Мова:Іспанська
Опубліковано: Bogotá Magisterio 1997
Редагування:2a. ed
Серія:Colección Mesa Redonda, 1
Предмети:
Теги: Додати тег
Немає тегів, Будьте першим, хто поставить тег для цього запису!

MARC

LEADER 00000nam a2200000 a 4500
001 UCL8839
003 CL-VaPUC
008 040709e19970000CK |||||||||||||||||spa|d
020 |a 958200052X 
082 0 4 |a 370.7  |b MUR  |2 21 
100 |a Murcia Florián, Jorge  |e autor  |9 486784 
245 1 0 |a Investigación para cambiar: un enfoque sobre investigación-acción participante 
250 |a 2a. ed 
300 |a 103 p 
942 |c BK 
945 |d 20040709 00:00:00  |a cmena 
260 |a Bogotá  |b Magisterio  |c 1997 
650 0 |a Rol del docente  |9 329733 
650 0 |a Investigación educacional   |9 261192 
650 0 |a Métodos de investigación   |9 262618 
650 0 |a Formación profesional de profesores  |9 307493 
650 0 |a Sociología de la educación   |9 260380 
583 |a last modification  |c 20040709 00:00:00  |k Rodrigo Vera 
490 0 |a Colección Mesa Redonda, 1 
999 |c 309944  |d 309942 
952 |0 0  |1 0  |4 0  |6 370_700000000000000_MUR_1997  |7 0  |8 A  |9 377825  |a BIBTEO  |b BIBTEO  |d 2019-11-21  |i 4033760  |o 370.7 MUR 1997  |p 4033760  |r 2025-01-17  |w 2019-11-21  |y BK  |k ICR